<?xml version="1.0" encoding="UTF-8"?>
<collection xmlns="http://www.loc.gov/MARC21/slim">
 <record>
  <leader>00945pamaa2200205   4500</leader>
  <controlfield tag="001">0000042220</controlfield>
  <controlfield tag="005">20070704090000.0</controlfield>
  <controlfield tag="008">070704                             eng  </controlfield>
  <datafield tag="020" ind1="0" ind2="0">
   <subfield code="a">1599660097 (CD-ROM) </subfield>
  </datafield>
  <datafield tag="090" ind1="0" ind2="0">
   <subfield code="a">PE1128 </subfield>
   <subfield code="b">MAC 2006</subfield>
  </datafield>
  <datafield tag="100" ind1="1" ind2="0">
   <subfield code="a">MACGILLIVRAY </subfield>
  </datafield>
  <datafield tag="245" ind1="1" ind2="0">
   <subfield code="a">Mastering skills for the TOEFL iBT [</subfield>
   <subfield code="m">CD-ROM] : </subfield>
   <subfield code="b">Advanced : </subfield>
   <subfield code="b">Advanced : </subfield>
   <subfield code="b">Listening  </subfield>
   <subfield code="c">Moraig Macgillivray, Yancey Patrick and Casey Malarcher.</subfield>
  </datafield>
  <datafield tag="260" ind1="0" ind2="0">
   <subfield code="a">Australia: </subfield>
   <subfield code="b">Compass Publishing, </subfield>
   <subfield code="c">2006.</subfield>
  </datafield>
  <datafield tag="300" ind1=" " ind2=" ">
   <subfield code="a">6 CD-ROM; </subfield>
   <subfield code="c">4.5 inch.</subfield>
  </datafield>
  <datafield tag="500" ind1="0" ind2="0">
   <subfield code="a">CD-1 (pp13-71), CD-2 (73-104), CD-3 (105-129), CD-4 (131-145), CD-5 (147-173), CD-6 (174-191)</subfield>
  </datafield>
  <datafield tag="500" ind1="0" ind2="0">
   <subfield code="a">To accompany textbook title &quot;Mastering skills for the TOEFL iBT : Advanced : Listening by Moraig Macgillivray, Yancey Patrick and Casey Malarcher&quot;</subfield>
  </datafield>
  <datafield tag="650" ind1="0" ind2="0">
   <subfield code="a">English language -- </subfield>
   <subfield code="x">Textbooks for foreign speakers </subfield>
  </datafield>
  <datafield tag="700" ind1="1" ind2="1">
   <subfield code="a">Yancey, </subfield>
   <subfield code="h">Patrick </subfield>
  </datafield>
  <datafield tag="700" ind1="1" ind2="1">
   <subfield code="a">Malarcher, </subfield>
   <subfield code="h">Casey </subfield>
  </datafield>
  <datafield tag="901" ind1=" " ind2=" ">
   <subfield code="u">http://www.compasspub.com</subfield>
  </datafield>
 </record>
</collection>
